Gaming Quiz

Random Gaming or Mario Quiz

Find the Gaming Villains Quiz Stats

 Plays Quiz Updated Jul 25, 2017

Support Sporcle.
Go Orange.
Score 0/24 Timer 04:00
2 Plays Today
% Correct
Bowser
93.7%
The
Joker
92.5%
Master Hand
90.6%
Great Mighty Poo
86.6%
Queen-Slug-For-A-Butt
85.7%
Pinky
85.1%
Doctor
Eggman Robotnik
83.7%
Dr. Wily
81.8%
Ganondorf
79.4%
King Dedede
77.5%
Shao Kahn
75%
GLaDOS
74.9%
% Correct
Handsome
Jack
71.4%
Pyramid
Head
71.3%
Inky
69.3%
Sephiroth
68.5%
Albert
Wesker
67.2%
M. Bison
66.7%
Clyde
62.7%
Andross
59%
Dr. Nefarious
58.5%
Kefka
53%
Blinky
51.9%
Big Boss
50.4%

You're not logged in!

Compare scores with friends on all Sporcle quizzes.
OR
Log In
Forgot?

From the Vault

'Cat' and 'Dog' Vocabulary

by jar514

This is pawsibly the most purrfect vocabulary quiz we've ever seen.
Remove Ads.
Support Sporcle.
Get the best of Sporcle when you Go Orange. This ad-free experience offers more features, more stats, and more fun while also helping to support Sporcle. Thank you for becoming a member.

Show Comments

Extras

Top Quizzes Today


Score Distribution

Your Account Isn't Verified!

In order to create a playlist on Sporcle, you need to verify the email address you used during registration. Go to your Sporcle Settings to finish the process.

Report this User

Report this user for behavior that violates our Community Guidelines.

Details: